Social network analysis and conceptual structures : Exploring opportunities /
Saved in:
| Format: | Book |
|---|---|
| Published: |
France :
Clermont Ferrand,
2007.
|
| LEADER | 00399nam a22001097a 4500 | ||
|---|---|---|---|
| 003 | AR-BeUNQ | ||
| 005 | 20251027173434.0 | ||
| 999 | |c 39655 |d 123455 | ||
| 245 | |a Social network analysis and conceptual structures : |b Exploring opportunities / |c Sergei Obiedkov, Camille Roth (editors) | ||
| 260 | |a France : |b Clermont Ferrand, |c 2007. | ||
| 929 | |a DONACION |b Gabriela Arévalo |e 20250508 |f PAT0084376 |g 3797 |l Caja 31 |o PR | ||
| 942 | |c LIB | ||